Java programming / (Record no. 147167)

MARC details
000 -LEADER
fixed length control field 00523nam a22001817a 4500
005 - DATE AND TIME OF LATEST TRANSACTION
control field 20171106115833.0
010 ## - LCCN (DPL NO)
LC control number ENG-121261
020 ## - INTERNATIONAL STANDARD BOOK NUMBER
International Standard Book Number 9788190768009
Terms of availability 70.00
035 ## - SYSTEM CONTROL NUMBER
System control number EN-104793
037 ## - SOURCE OF ACQUISITION
Stock number DBAD/PUB
082 ## - DEWEY DECIMAL CLASSIFICATION NUMBER
Classification number 005.133
100 ## - MAIN ENTRY--PERSONAL NAME
Personal name Sundarraj, P.Daniel
245 ## - TITLE STATEMENT
Title Java programming /
Statement of responsibility, etc by P.Daniel Sundarraj
260 ## - PUBLICATION, DISTRIBUTION, ETC. (IMPRINT)
Place of publication, distribution, etc Vellore
Name of publisher, distributor, etc Anbu nilayam
Date of publication, distribution, etc 2008
270 ## - ADDRESS
Address 11, Punniyakotti Nagar, Salavanpet
City Vellore
Postal code 632001
300 ## - PHYSICAL DESCRIPTION
Extent 119p.
Dimensions 22cm(pbk)
942 ## - ADDED ENTRY ELEMENTS (KOHA)
Source of classification or shelving scheme Dewey Decimal Classification
Item type English Books
Classification part 005.133
Call number suffix SUN
Holdings
Withdrawn status Lost status Not for loan Collection code Home library Current library Date acquired Cost, normal purchase price Full call number Barcode Copy number Koha item type
    Not For Loan Non-fiction D.B.Act.Division Bawana 06/11/2017 70.00 005.133 SUN EN-104793 1 English Books

© Delhi Public Library
Hit Counter
free hit counter